Home buyers' survey and valuation. (Record no. 89652)

MARC details
000 -LEADER
fixed length control field 01300cam a2200349 4500
001 - CONTROL NUMBER
control field M1435
008 - FIXED-LENGTH DATA ELEMENTS--GENERAL INFORMATION
fixed length control field 090401t1993 xxu||||| |||| 00| 0 eng d
020 ## - INTERNATIONAL STANDARD BOOK NUMBER
International Standard Book Number 0854066004
035 ## - SYSTEM CONTROL NUMBER
System control number (Sirsi) u31968
041 ## - LANGUAGE CODE
Language code of text/sound track or separate title eng
050 ## - LIBRARY OF CONGRESS CALL NUMBER
Classification number 333.332
-- 18
090 ## - LOCALLY ASSIGNED LC-TYPE CALL NUMBER (OCLC); LOCAL CALL NUMBER (RLIN)
Classification number (OCLC) (R) ; Classification number, CALL (RLIN) (NR) RICS 1993/55ABCD
110 ## - MAIN ENTRY--CORPORATE NAME
Corporate name or jurisdiction name as entry element Royal Institution of Chartered Surveyors
9 (RLIN) 4900
245 ## - TITLE STATEMENT
Title Home buyers' survey and valuation.
Medium [electronic resource]
260 ## - PUBLICATION, DISTRIBUTION, ETC.
Place of publication, distribution, etc. London
Name of publisher, distributor, etc. RICS
Date of publication, distribution, etc. 1993
300 ## - PHYSICAL DESCRIPTION
Extent 3 items in folder
Dimensions 30cm.
350 ## - PRICE (NR) (BK AM CF MU VM SE) [OBSOLETE]
Price 0
490 ## - SERIES STATEMENT
Series statement RICS Guidance Note
505 ## - FORMATTED CONTENTS NOTE
Formatted contents note Home buyers' survey
505 ## - FORMATTED CONTENTS NOTE
Formatted contents note Buying a home?
505 ## - FORMATTED CONTENTS NOTE
Formatted contents note Comments and guidance on standard conditions of engagment and guidance on reporting
520 ## - SUMMARY, ETC.
Summary, etc. Published August 1993.
520 ## - SUMMARY, ETC.
Summary, etc. Superseded by "RICS/ISVA homebuyer survey and valuation" (M88251).
650 ## - SUBJECT ADDED ENTRY--TOPICAL TERM
Topical term or geographic name entry element RICS HOMEBUYER SURVEY AND VALUATION
650 ## - SUBJECT ADDED ENTRY--TOPICAL TERM
Topical term or geographic name entry element BUILT ENVIRONMENT-BUILDING SURVEYING-STRUCTURAL SURVEYING
650 ## - SUBJECT ADDED ENTRY--TOPICAL TERM
Topical term or geographic name entry element Valuation
9 (RLIN) 6273
690 ## - LOCAL SUBJECT ADDED ENTRY--TOPICAL TERM (OCLC, RLIN)
Topical term or geographic name as entry element BUILT ENVIRONMENT-BUILDING INSPECTION
710 ## - ADDED ENTRY--CORPORATE NAME
Corporate name or jurisdiction name as entry element Incorporated Society of Valuers and Auctioneers
9 (RLIN) 1201
856 40 - ELECTRONIC LOCATION AND ACCESS
Uniform Resource Identifier <a href="https://www.rics.org/Global/Downloads/HomeBuyersSurveyAndValuation1993.pdf">https://www.rics.org/Global/Downloads/HomeBuyersSurveyAndValuation1993.pdf</a>
Public note View the full document free of charge at the www.rics.org...
942 ## - ADDED ENTRY ELEMENTS (KOHA)
Suppress in OPAC 0
948 ## - LOCAL PROCESSING INFORMATION (OCLC); SERIES PART DESIGNATOR (RLIN)
c (OCLC) 04/03/1997
Holdings
Withdrawn status Lost status Source of classification or shelving scheme Damaged status Not for loan Home library Current library Shelving location Date acquired Total Checkouts Full call number Barcode Date last seen Copy number Price effective from Koha item type Date last checked out
    Dewey Decimal Classification     London London RICS Boxes 28/09/1993   RICS 1993/55 30039651 06/08/2019 1 06/08/2019 Archive  
    Dewey Decimal Classification     London London RICS Boxes 28/09/1993   RICS 1993/55 30039652 06/08/2019 2 06/08/2019 Reference material  
    Dewey Decimal Classification     London London RICS Boxes 28/09/1993 13 RICS 1993/55 30039653 06/08/2019 3 06/08/2019 Book 06/01/2006
    Dewey Decimal Classification     Virtual Virtual Online 13/12/2010   ONLINE PUBLICATION 31968-2001 06/08/2019 1 06/08/2019 Book